Playing the supply chain game (Record no. 65381)
[ view plain ]
| 000 -LEADER | |
|---|---|
| fixed length control field | 01518cam a2200265 4500 |
| 001 - CONTROL NUMBER | |
| control field | ABS63092 |
| 008 - FIXED-LENGTH DATA ELEMENTS--GENERAL INFORMATION | |
| fixed length control field | 000000n2000 000 0 eng u |
| 035 ## - SYSTEM CONTROL NUMBER | |
| System control number | (Sirsi) u109510 |
| 100 ## - MAIN ENTRY--PERSONAL NAME | |
| Personal name | Watson, K |
| 245 ## - TITLE STATEMENT | |
| Title | Playing the supply chain game |
| 260 ## - PUBLICATION, DISTRIBUTION, ETC. | |
| Date of publication, distribution, etc. | 2000 |
| 490 ## - SERIES STATEMENT | |
| Series statement | Contract Journal |
| Volume/sequential designation | 406(6303) 15 November 2000, 20-21(2) |
| 520 ## - SUMMARY, ETC. | |
| Summary, etc. | Examines the implementation of supply chain management (SCM) in the construction industry. For many firms, adopting SCM is proving too expensive and problematic, with some lacking the conviction that supply chains can deliver an enhanced product at a lower cost. However, there are firms who are keen to make SCM a success. Article discusses the experiences of George & Harding, Mace and Galliford Try who have implemented SCM with varying levels of success. Key findings from these case studies include: contractors are experiencing great difficulty in getting their supply chain to measure performance; manufacturers and suppliers of materials are more ready to accept performance measuring, although subcontractors are reluctant; contractors cannot be sure if SCM is increasing profitability, but some remain optimistic about its potential. |
| 590 ## - LOCAL NOTE (RLIN) | |
| Local note | ABS |
| 650 ## - SUBJECT ADDED ENTRY--TOPICAL TERM | |
| Topical term or geographic name entry element | BENCHMARKING |
| 650 ## - SUBJECT ADDED ENTRY--TOPICAL TERM | |
| Topical term or geographic name entry element | SUBCONTRACTORS |
| 650 ## - SUBJECT ADDED ENTRY--TOPICAL TERM | |
| Topical term or geographic name entry element | CONTRACTORS |
| 650 ## - SUBJECT ADDED ENTRY--TOPICAL TERM | |
| Topical term or geographic name entry element | MACE |
| 650 ## - SUBJECT ADDED ENTRY--TOPICAL TERM | |
| Topical term or geographic name entry element | CONSTRUCTION PROCESS |
| 650 ## - SUBJECT ADDED ENTRY--TOPICAL TERM | |
| Topical term or geographic name entry element | PERFORMANCE INDICATORS |
| 650 ## - SUBJECT ADDED ENTRY--TOPICAL TERM | |
| Topical term or geographic name entry element | BEST PRACTICE |
| 650 ## - SUBJECT ADDED ENTRY--TOPICAL TERM | |
| Topical term or geographic name entry element | SUPPLY CHAIN MANAGEMENT |
| 690 ## - LOCAL SUBJECT ADDED ENTRY--TOPICAL TERM (OCLC, RLIN) | |
| Topical term or geographic name as entry element | BUILT ENVIRONMENT |
| 942 ## - ADDED ENTRY ELEMENTS (KOHA) | |
| Suppress in OPAC | 0 |
| Withdrawn status | Lost status | Source of classification or shelving scheme | Damaged status | Not for loan | Home library | Current library | Shelving location | Date acquired | Total Checkouts | Full call number | Barcode | Date last seen | Copy number | Price effective from | Koha item type |
|---|---|---|---|---|---|---|---|---|---|---|---|---|---|---|---|
| Dewey Decimal Classification | London | London | Journal article | 27/11/2000 | ABS63092 | 109510-1001 | 06/08/2019 | 1 | 06/08/2019 | Journal article |